000 00601cam5a220018100 4500
001 zam00005744
008 970717n xx eng u
035 _a(Sirsi) r135744
040 _dUPRA
100 _aHanmer, Lucia.
_6A107715.1
245 1 0 _aModern industrialization and structural change.
260 _aThe Hague :
_bISS,
_c1995.
520 _aExamines the relationship between industrialization and structural change.
650 4 _aIndustrialization.
_6S24598.1
650 4 _aIndustry -- Employment.
_xIndustry -- Employment.
_6S81484.1
949 1 0 _mINESOR
_tBOOK
_lON-SHELF
004 135744
999 _c23905
_d23905